000
00251nam a2200097Ia 4500
008
240331s9999 xx 000 0 und d
082
_b
SAL
100
_a
Salahuddian, K
245
0
_a
Rural women in poverty :
_b
NGO interventions for alleviation
942
_c
L
999
_c
2343
_d
2343